000 00546nam a22001457a 4500
999 _c134063
_d134063
005 20240510092835.0
008 240510b ||||| |||| 00| 0 eng d
040 _cPK-LaUMT
082 _aAPC 297.4
_bTAH-S
100 _aTahir ul Qadiri, Muhammad = طاہر القادری، محمد
245 _aSolook o tasawwaf ka amali dastoor = سلوک و تصوف کا عملی دستور /
_cby Muhammad Tahir ul Qadiri = محمد طاہرالقادری
260 _aLahore :
_bMinhaj ul Quran Publications,
_c1996
300 _a161 p.
942 _cBK